000 00903cam a22002533a 4500
001 18196
003 PGUSA
005 20140828083404.0
008 060418s2006||||xxu|||||s|||||000 | eng d
040 _aPGUSA
_beng
042 _adc
050 4 _aE300
100 1 _aSeward, William Henry,
_d1801-1872
245 1 0 _aLife and Public Services of John Quincy Adams :
_bSixth President of the Unied States With the Eulogy Delivered Before the Legislature of New York
_h[electronic resource] /
_cWilliam Henry Seward
260 _bProject Gutenberg,
_c2006
506 _aPublic domain in the USA.
516 _aElectronic text
653 _aAdams, John Quincy, 1767-1848
653 _aUnited States -- Politics and government -- 1825-1829
653 _aPresidents -- United States -- Biography
830 0 _aProject Gutenberg
_v18196
856 4 0 _uhttp://www.gutenberg.org/ebooks/18196
942 _cEB
999 _c247451
_d247451